| 000 | 00382nam a2200157Ia 4500 | ||
|---|---|---|---|
| 008 | 230917s9999||||xx |||||||||||||| ||und|| | ||
| 020 | _cRS65 | ||
| 040 |
_e24775 _aMAIN |
||
| 041 | _aEnglish | ||
| 082 | _a519.5 G643O | ||
| 100 | _aGoon, A M | ||
| 245 | 0 | _aOutline of statistical theory. v1. | |
| 260 |
_aCalcutta _bThe World Press _c1988 |
||
| 300 | _axiii, 516 p. | ||
| 942 | _cBK | ||
| 999 |
_c71051 _d71051 |
||